Rekordy krajowe mężczyzn w skokach narciarskich (na mapie) - Statystyki

Ogólne statystyki
  • Ten quiz został rozwiązany 294 razy
    156 od ostatniego zresetowania
  • Średni wynik to 12 z 56
Odpowiedzi na mapie
Odpowiedzi zakodowano w zielono-czerwonej skali na mapie do tego quizu, zgodnie z poniższymi procentami.
 
Statystyki odpowiedzi
#
Państwo Odległość Skoczek % Poprawnych
5. Polska 251,5 m Kamil Stoch
99%
2. Słowenia 254,5 m Domen Prevc
90%
3. Austria 253,5 m Stefan Kraft
86%
1. Japonia 291,0 m Ryoyu Kobayashi
82%
4. Norwegia 252,0 m Robert Johansson
63%
7. Stany Zjednoczone 244,5 m Kevin Bickner
58%
9. Szwajcaria 239,5 m Simon Ammann
57%
18. Bułgaria 214,0m Vladimir Zografski
55%
16. Kanada 224,0m Mackenzie Boyd-Clowes
53%
6. Niemcy 248,0 m Markus Eisenbichler
52%
14. Ukraina 228,5m Yewhen Marusiak
51%
15. Estonia 228,0m Artti Aigro
50%
12. Włochy 234,0 m Alex Insam
48%
10. Rosja 237,0 m Evgenii Klimov
46%
11. Czechy 236,0 m Antonín Hájek
34%
22. Słowacja 202,0m Hektor Kapustik
31%
19. Turcja 212,5 Muhammed Ali Bedir
30%
54. Surinam 23,0 m Rozelsky Steve Lie-A-Jen
29%
21. Korea Południowa 207,5m Choi Heung-chul
28%
26. Rumunia 169,5m Daniel Andrei Cacina
26%
8. Finlandia 240,0 m Janne Happonen
26%
17. Kazachstan 200,5m Ilya Mizernykh
16%
27. Chiny 152,0m Li Yun
14%
25. Grecja 186,0m Nikos Polichronidis
12%
29. Hiszpania 141,0m Bernat Solà
9%
35. Kirgistan 124,0m Dimitry Czwykow
8%
23. Białoruś 197,5m Piotr Czaadajew
8%
39. Uganda 87,0m Dunstan Odeke
7%
52. Nowa Zelandia 25,3m Roy McKenzie
5%
20. Szwecja 207,5m Isak Grimholm
4%
24. Holandia 197,0m Boy van Baarle
3%
28. Gruzja 142,0m Koba Cakadze
3%
38. Tajlandia 100,0m Korawik Saendee
3%
13. Francja 233,5 m Marco Heinis
3%
49. Belgia 37,0m Jeno Farinon
2%
42. Serbia 65.0m Nikola Stevanović
2%
32. Wielka Brytania 134,5m Sam Bolton
2%
51. Chile 30,0m Alfredo Aliaga
1%
31. Dania 137,0m Andreas Bjelke Nygaard
1%
34. Islandia 127,0m Anton Øyvindsson
1%
48. Irlandia 38,4 m Barney Riley
1%
47. Czarnogóra 46,0m Božo Čvorović
1%
45. Australia 57,5m Bruce Neville
1%
30. Węgry 139,0m Gábor Gellér
1%
44. Macedonia Północna 62,0m Goga Popow Pomładiot
1%
50. Meksyk 35,0m José Miguel Banda Ceja
1%
37. Chorwacja 102,0m Josip Šporer
1%
41. Bośnia i Hercegowina 69,5m Jovan Radovanović
1%
53. Argentyna 25,0m Luis de Ridder
1%
33. Łotwa 130,0m Markuss Vinogradovs
1%
55. Liban 16,0m Nadim Barrage
1%
46. Liechtenstein 54,5m Norbert Frick
1%
56. Boliwia 10,0m René Farwig
1%
43. Andora 64,5m Tomás Cano
1%
36. Azerbejdżan 106,5 m Zachir Dzafarov
1%
40. Litwa 86,0m Zbigniew Kiwert
1%
Nie znaleziono quizów pasujących do podanych kryteriów
Rozkład punktacji
Procent ludzi z każdym wynikiem
Percentyl według liczby udzielonych odpowiedzi
Twoja historia wyników
Nie rozwiązałeś tego quizu od ostatniego zresetowania